000 00678nam a2200253Ia 4500
003 OSt
005 20220912151202.0
006 a|||||r|||| 00| 0
007 ta
008 220909b |||||||| |||| 00| 0 eng d
024 _a51083
037 _cTextual
040 _aCSL
_beng
_cCSL
041 _aeng
082 _aI,11:32, K3
100 _aJennings D H
245 0 _aAbsorption of salutes by plant cells
260 _aEdinburgh
_bOliver & Boyd
_c1963
300 _aviii, 204p.
_ccm.
500 _aBibliographical references 181-195p.
_ccm.
650 _aPlant Cytology
942 _hI,11:32, K3
_cTEXL
_2CC
999 _c63058
_d63058